logo

Bir Sreshtho Munshi Abdur Rouf Library
Jhenaidah Cadet College

দাউদ হায়দারের শ্রেষ্ঠ কবিতা / (Record no. 10618)

MARC details
000 -LEADER
fixed length control field 00758nam a2200229 a 4500
001 - CONTROL NUMBER
JCCL Control Number 10618
003 - CONTROL NUMBER IDENTIFIER
JCCL marc code BD-JhCC
005 - DATE AND TIME OF LATEST TRANSACTION
control field 20180729114330.0
008 - FIXED-LENGTH DATA ELEMENTS--GENERAL INFORMATION
fixed length control field 180729s20172000bg |||| |||| 000 0 ben d
020 ## - INTERNATIONAL STANDARD BOOK NUMBER
International Standard Book Number 9844101856
035 ## - SYSTEM CONTROL NUMBER
system control number (BD-JhCC)10618
040 ## - CATALOGING SOURCE
Original cataloging agency BD-JhCC
Modifying agency BD-JhCC
041 ## - LANGUAGE CODE
Language code of Book ben
082 ## - DEWEY DECIMAL CLASSIFICATION NUMBER
Classification number 891.4415
Author mark and Year HAI 2017
100 ## - MAIN ENTRY--PERSONAL NAME
Personal name হায়াদর, দাউদ
245 ## - TITLE STATEMENT
Title দাউদ হায়দারের শ্রেষ্ঠ কবিতা /
Statement of responsibility, etc দাউদ হায়দার
260 ## - PUBLICATION, DISTRIBUTION, ETC. (IMPRINT)
Place of publication, distribution, etc ঢাকা :
Name of publisher, distributor, etc মাওলা ব্রাদার্স,
Date of publication, distribution, etc ২০১৭.
300 ## - PHYSICAL DESCRIPTION
Pagination ১৪৩ পৃ. :
Dimensions ২০ সেমি.
650 ## - SUBJECT ADDED ENTRY--TOPICAL TERM
Topical term or geographic name as entry element বাংলা কবিতা
650 ## - SUBJECT ADDED ENTRY--TOPICAL TERM
Topical term or geographic name as entry element Bengali Poem
942 ## - ADDED ENTRY ELEMENTS (KOHA)
Source of classification or shelving scheme Dewey Decimal Classification
Koha item type Books
Holdings
Source of classification or shelving scheme Damaged status Not for loan Home library Current library Shelving location Date of accession Cost, normal purchase price Total Checkouts Full call number Barcode Date last seen Copy number Koha item type
Dewey Decimal Classification     JCC Rouf Library JCC Rouf Library General Stacks 07/29/2018 200.00   891.4415 HAI 2017 14199 07/29/2018 C-1 Books

JCC Library | Contacts | JCC Home

Last Update on 23 September 2017
Copyright @ 2017-2020 JCC Rouf Library
Rouf Library, Jhenidah Cadet College (JCC), Bangladesh